Catàleg del Col·legi de Periodistes de Catalunya

Lenguaje en periodismo escrito (Registre núm. 5123)

000 -CABECERA
Longitud fija campo de control 00906nam a2200205 a 4500
001 - NÚMERO DE CONTROL
Número de control 5123
003 - IDENTIFICADOR DEL NÚMERO DE CONTROL
Identificador del número de control CDMR
005 - FECHA Y HORA DE LA ÚLTIMA TRANSACCIÓN
Fecha y hora de la última transacción 20131107135142.0
008 - CÓDIGOS DE INFORMACIÓN DE LONGITUD FIJA
Códigos de información de longitud fija 130130s1977||||||||||||||||||||||||||||d
020 ## - NÚMERO INTERNACIONAL NORMALIZADO PARA LIBROS
Número Internacional Normalizado para Libros (ISBN) 8470750593
040 ## - FUENTE DE LA CATALOGACIÓN
Centro catalogador de origen CDMR
Lengua de catalogación cat
Centro transcriptor CDMR
245 #0 - MENCIÓN DE TÍTULO
Título Lenguaje en periodismo escrito
Mención de responsabilidad, etc. Fernando Lázaro Carreter... [et al.]
260 ## - PUBLICACIÓN, DISTRIBUCIÓN, ETC. (PIE DE IMPRENTA)
Lugar de publicación, distribución, etc. Madrid
Fecha de publicación, distribución, etc. 1977
Nombre del editor, distribuidor, etc. Fundación Juan March
300 ## - DESCRIPCIÓN FÍSICA
Extensión 165 p.
490 ## - MENCIÓN DE SERIE
Mención de serie Universitaria (Fundación Juan March)
Designación de volumen o secuencia 37
500 ## - NOTA GENERAL
Nota general Treballs del seminari Lenguaje en el Periodismo Escrito, organitzat per la Fundación Juan March i celebrat durant els dies 30 i 31 de maig de 1977<br/><br/>Autors dels treballs: Fernando Lázaro Carreter, Luis Michelena Elissalt, Robert Escarpit, Eugenio de Bustos, Víctor de la Serna, Emilio Alarcos Llorach, Juan Luis Cebrián.
650 04 - PUNTO DE ACCESO ADICIONAL DE MATERIA - T&Eacute;RMINO DE MATERIA
9 (RLIN) 2326
Término de materia o nombre geográfico como elemento inicial Premsa i llenguatge
700 1# - PUNTO DE ACCESO ADICIONAL - NOMBRE DE PERSONA
9 (RLIN) 1925
Nombre de persona Lázaro Carreter, Fernando
942 ## - ENTRADA DE ELEMENTOS AGREGADOS (KOHA)
Koha [por defecto] tipo de item Monografies
Fuente de clasificaión o esquema
Fons
Suprimido Perdido Estropeado No para pr&eacute;stamo Localizaci&oacute;n permanente Localizaci&oacute;n actual Fecha adquisici&oacute;n Pr&eacute;stamos totales Signatura completa C&oacute;digo de barras Fecha &uacute;ltima consulta Fecha del precio de reemplazo Tipo de item de Koha
        Centre de Documentació Montserrat Roig Centre de Documentació Montserrat Roig 2013-01-16   Dc 6 /30 CDMR13119309 2013-01-16 2013-01-16 Monografies

Implantat amb Koha